Najbardziej zaludnione kraje graniczące ze sobą - Statystyki

Ogólne statystyki
  • Ten quiz został rozwiązany 333 razy
  • Średni wynik to 18 z 23
Statystyki odpowiedzi
Kraj % Poprawnych
Chiny
99%
Indie
97%
Rosja
96%
Stany Zjednoczone
95%
Meksyk
91%
Kanada
90%
Brazylia
88%
Argentyna
86%
Pakistan
86%
Bangladesz
84%
Francja
83%
Niemcy
83%
Iran
82%
Wietnam
78%
Kolumbia
77%
Turcja
76%
Ukraina
75%
Afganistan
74%
Mjanma
71%
Demokratyczna Republika Konga
65%
Etiopia
58%
Kenia
56%
Tanzania
52%
Nie znaleziono quizów pasujących do podanych kryteriów
Rozkład punktacji
Procent ludzi z każdym wynikiem
Percentyl według liczby udzielonych odpowiedzi
Twoja historia wyników
Nie rozwiązałeś tego quizu